000 00449nab a2200145Ia 4500
003 ES-SlBCS
005 20210601125239.0
008 140529s1978 xxu||||| |||| 00| 0 eng d
041 _aeng
100 1 _aLevinson, Jerrold
_9152430
245 0 0 _aProperties and Related Entities
_c Jerrold Levinson
650 0 4 _aPropiedades-Filosofía
_9155937
773 0 _tPhilosophy and Phenomenological Research
_gvol. 39, 1978, págs. 1-22
_wRev1411
942 _cAR
999 _c527192
_d527192